000 00647nam a2200181 a 4500
005 20240511063700.0
008 991125ss.a. mx 000 0 spa u
035 _aUPN01000007679
049 _aLT
050 4 _aLB1573 M6.6
_bZ3.2 LE
100 1 _aZamora Orozco, Valentín,
_d1912?-1968
_929515
245 1 0 _aCielo, tierra y mar :
_bcuaderno de trabajo : lecturas en silencio y ejercicios de aplicación
_blecturas en silencio y ejercicios de aplicación /
_cValentín Zamora Orozco
260 _aMéxico :
_b[s.n.],
_cs.a.
300 _a82 p.
650 4 _aEspañol
_xEstudio y enseñanza (Elemental)
_92806
904 _aAC
_b007679
905 _aLibro
999 _c7679
_d7679